| 000 | 01924cam a2200517 a 4500 | ||
|---|---|---|---|
| 001 | 21464 | ||
| 003 | VRT | ||
| 005 | 20260302130204.0 | ||
| 008 | 240315s2011 xo a b 000 f slo | ||
| 015 | _aSNBA2012/08-04784 | ||
| 020 |
_a9788089379705 _q( viaz.) |
||
| 035 | _a89C3ADE1-0C77-459D-BAD7-F01092B9C765 | ||
| 035 | _aurn:nbn:sk:snk-amkbdf | ||
| 035 | _aurn:nbn:sk:snk-am008bcc | ||
| 039 | 9 |
_a202403151740 _bVLOAD _c201602082141 _dVLOAD _c201507071650 _dVLOAD _c201401141317 _dmbpksh01 |
|
| 040 |
_aPOKPOH _bslo _cPOKPOH _dSNK _eAACR2 |
||
| 041 | 1 |
_aslo _hspa |
|
| 044 |
_axo _cSK |
||
| 072 | 7 |
_a821-93 _xLiteratúra pre deti a mládež (beletria) _2konspekt |
|
| 080 |
_a821-342 _22001 |
||
| 080 |
_a821-93 _22001 |
||
| 100 | 1 |
_aPires, Andrea _4aut |
|
| 240 | 1 | 0 |
_aSelección dorada II - Fábulas _lSlovensky |
| 245 | 1 | 0 |
_aZlatý výber _bbájky 2 _b[antológia nesmrteľných klasických bájok _cúprava bájok: Andrea Piresová a Equipo Editorial ; ilustrácie: Omar Francia ; preklad Radovan Al Zafari] |
| 246 | 3 | 0 | _aBájky 2 |
| 250 | _a1. vyd. | ||
| 260 |
_aBratislava _bFortuna Libri _c2011 |
||
| 300 |
_a64 s. _bfareb. ilustr. _c35 cm |
||
| 490 | 1 | _aFortuna Junior | |
| 500 | _aPravdepodobne preložené zo špan. | ||
| 655 | 7 |
_abájky _2SNKPH |
|
| 655 | 7 |
_apublikácie pre deti _2SNKPH |
|
| 655 | 7 |
_aFables _2SNKPHeng |
|
| 655 | 7 |
_aChildren's literature _2SNKPHeng |
|
| 700 | 1 |
_aFrancia, Omar _4ill |
|
| 700 | 1 |
_aAl Zafari, Radovan _4trl |
|
| 830 | 0 | _aFortuna Junior | |
| 942 |
_2ddc _cKLDE _n0 |
||
| 949 |
_617A1048404 _asnkSB 83407/2 D1 _bsnk2012/17085 _o1063/12 |
||
| 949 |
_6270001000398323 _asvkbbD 1303-2 _bsvkbbm 726662 |
||
| 949 |
_63869A13545 _abpksh821-342:821-93 _bbpksh63354 |
||
| 949 |
_617A1048405 _asnkSB 83407/2 _bsnk2012/17084 _o1063/12 _s6100:20140925 |
||
| 949 |
_62889186997 _asavukPV 16680 _bsavuk2012/3383 |
||
| 949 |
_6273K0552278 _asvkpoD 2975 _bsvkpo556574 |
||
| 980 | _a821-342 | ||
| 999 |
_c21464 _d21464 |
||